| 000 | 00682nam a2200289Ia 4500 | ||
|---|---|---|---|
| 005 | 20260324145846.0 | ||
| 008 | 008 260324s9999 xx 000 0 eng d | ||
| 020 | _a9781315668802 | ||
| 037 | _aEBOOK | ||
| 040 | _aCRL | ||
| 040 | _beng | ||
| 040 | _cCRL | ||
| 041 | _2eng | ||
| 041 | _aeng | ||
| 084 | _qCRL | ||
| 100 |
_aMichael Donelan _91224434 |
||
| 245 | 4 | _aThe Reason of States | |
| 245 | 2 | _bA Study in International Political Theory | |
| 260 | _bTaylor and Francis | ||
| 260 | _c1978 | ||
| 365 | _a | ||
| 365 | _b230 | ||
| 856 | _uhttp://www.taylorfrancis.com/books/9781315668802 | ||
| 942 | _cEBOOK | ||
| 999 |
_c1832939 _d1832939 |
||